Problemy upravlenija i soveršenstvovanija proizvodstva ekonomika, organizacija, upravlenije
Na minha lista:
| Formato: | Livro |
|---|---|
| Idioma: | russo |
| Publicado em: |
Riga
Politech. inst.
1982
|
| Tags: |
Sem tags, seja o primeiro a adicionar uma tag!
|
MARC
| LEADER | 00000nam a2200000 4500 | ||
|---|---|---|---|
| 001 | c129417 | ||
| 005 | 20250901084944.2 | ||
| 041 | 0 | |a rus | |
| 044 | |a LV | ||
| 245 | 1 | 0 | |a Problemy upravlenija i soveršenstvovanija proizvodstva |b ekonomika, organizacija, upravlenije |
| 264 | 1 | |a Riga |b Politech. inst. |c 1982 | |
| 300 | |a 163 s. | ||